000 00294nam a2200133 a 4500
008 090930s1973|||| d
100 1 _aAubryová, C.
245 1 0 _aSebastian medzi ľudmi
020 _c25
260 _bPravda
_aBratislava
_c1973
041 _aslo
044 _axo
_cSK
958 _aAUL
999 _c28
_d28